Największe miasta w Polsce na daną literę - Statystyki

Ogólne statystyki
  • Ten quiz został rozwiązany 191 razy
    160 od ostatniego zresetowania
  • Średni wynik to 19 z 26
Statystyki odpowiedzi
Litery Miasta % Poprawnych
W Warszawa / Wrocław / Włocławek
95%
K Kraków / Kielce / Katowice
94%
G Gdynia / Gdańsk / Gliwice
92%
B Bydgoszcz / Bytom / Białystok
91%
R Rzeszów / Radom / Ruda Śląska
88%
T Toruń / Tarnów / Tarnowskie Góry
88%
P Poznań / Płock / Piła
87%
C Częstochowa / Chorzów / Chełm
85%
E Elbląg / Ełk
85%
Ł Łódź / Łomża / Łęczna
85%
L Lublin / Lubin / Legnica
85%
O Opole / Olsztyn / Ostrów Wielkopolski
85%
S Szczecin / Sosnowiec / Słupsk
85%
Z Zielona Góra / Zabrze / Zamość
85%
A Aleksandrów Łódzki / Andrychów / Augustów
72%
I Iława / Inowrocław / Imielin
72%
J Jelenia Góra / Jaworzno / Jastrzębie Zdrój
68%
Ż Żywiec / Żory / Żnin
62%
D Dąbrowa Górnicza / Dęblin / Drawsko Pomorskie
60%
N Nysa / Nowy Sącz / Nowy Targ
60%
Ś Świnoujście / Świętochłowice / Świdnica
58%
M Mysłowice / Mława / Mielec
56%
U Ustrzyki Dolne / Ustka / Ustroń
52%
F Frampol / Frombork
51%
H Hajnówka / Hrubieszów / Halinów
50%
Ć Ćmielow
41%
Nie znaleziono quizów pasujących do podanych kryteriów
Rozkład punktacji
Procent ludzi z każdym wynikiem
Percentyl według liczby udzielonych odpowiedzi
Twoja historia wyników
Nie rozwiązałeś tego quizu od ostatniego zresetowania